[Event "Lisbon Portugal rapid op"]
[Site "Lisbon"]
[Date "2019.02.10"]
[Round "1"]
[White "Veiga, Jose Francisco RP"]
[Black "Lima, Samuel"]
[Result "1-0"]
[WhiteElo "2319"]
[BlackElo "1731"]
[PlyCount "75"]
[EventDate "2019.02.10"]
[EventType "swiss (rapid)"]
[EventRounds "8"]
[EventCountry "POR"]
[SourceTitle "CBM 188 Extra"]
[Source "ChessBase"]
[SourceDate "2019.02.28"]
[SourceVersion "1"]
[SourceVersionDate "2019.02.28"]
[SourceQuality "1"]

1. e4 c5 2. Nf3 Nc6 3. d4 cxd4 4. Nxd4 Nf6 5. Nc3 a6 6. Nxc6 dxc6 7. Qxd8+ Kxd8 8. Be3 e5 9. 0-0-0+ Ke8 10. f3 Be6 11. Kb1 Bb4 12. Na4 Rd8 13. Be2 Nd7 14. a3 Ba5 15. b4 Bc7 16. Rd2 f6 17. Rhd1 Kf7 18. Kc1 b5 19. Nb2 a5 20. c4 axb4 21. axb4 Nb6 22. cxb5 cxb5 23. Bxb5 Bb3 24. Rxd8 Rxd8 25. Rxd8 Bxd8 26. Kd2 Ke6 27. Kc3 Ba2 28. Bxb6 Bxb6 29. Bc4+ Bxc4 30. Kxc4 Kd6 31. Kb5 Bg1 32. Nc4+ Kc7 33. h3 h5 34. Ka6 Kb8 35. b5 Bc5 36. b6 h4 37. Na5 Bd6 38. Nc6+ 1-0